000 00759nam a2200217Ia 4500
001 8457
003 GE_BSU
008 181216s||||||||xx |||||||||||||| ||und||
040 _cGE_BSU
080 _a821.353.1-1+821.353.1-11
100 _aეული, სანდრო (ქურიძე)
245 _aრჩეული: ლექსები, პოემები.
245 _cრედ.: ბ. მირცხულავა; მხატვ.: ო. ვარვარიძე.
260 _aთბილისი.
260 _bსახელგამი.
260 _c1954
300 _a263 გვ; 20 სმ.
300 _b1 ფ. პორტ.
653 _aრჩეული: ლექსები, პოემები.
942 _cBK
999 _c41776
_d41776